Women and family law reform in India : uniform civil code and gender quality

Αποθηκεύτηκε σε:
Λεπτομέρειες βιβλιογραφικής εγγραφής
Κύριος συγγραφέας: Parashar, Archana
Μορφή: Βιβλίο
Γλώσσα:English
Δημοσίευση: Newbury Park : Sage, 1992
Θέματα:
Ετικέτες: Προσθήκη ετικέτας
Δεν υπάρχουν, Καταχωρήστε ετικέτα πρώτοι!

MARC

LEADER 00000nam a2200000 i 4500
001 1/62477
008 930920s eng d
020 |a 0-8039-9423-0 
035 |a ΛΕΣΒΟΣb10001044  |l 10001044 
040 |a GR-MY-UA  |b gre  |e aacr 
041 0 |a eng 
082 0 |a 346.540134 
100 1 |a Parashar, Archana. 
245 1 0 |a Women and family law reform in India :  |b uniform civil code and gender quality /  |c Archana Parashar 
260 |a Newbury Park :   |b Sage,   |c 1992 
300 |a 348 p. 
504 |a Includes bibliographical references and index 
650 0 0 |a Women  |x Legal status, laws, etc.  |z India. 
650 0 0 |a Domestic relations  |z India. 
650 0 0 |a Law reform  |z India. 
650 0 0 |a Women and religion  |z India. 
650 0 0 |a Feminist theory. 
852 |a INST  |b LESVOS  |e 19930920  |h 346.540134 PAR  |p 005100004132  |q 005100004132  |t BK  |y 0 
909 |a Λ  |b 028731